| 000 | 00602nam a2200181Ia 4500 | ||
|---|---|---|---|
| 008 | 090630s9999 xx 000 0 und d | ||
| 082 | _b3270 | ||
| 100 | _aचव्हाण यशवंतराव. | ||
| 245 |
_aयुगांतर. _cचव्हाण यशवंतराव. |
||
| 260 |
_bकॉन्टीनेंटल. _c1970 |
||
| 300 | _a333 | ||
| 600 | _aचव्हाण यशवंतराव. | ||
| 630 | _aयुगांतर. | ||
| 655 | _aइतर. | ||
| 700 | _aचव्हाण यशवंतराव. | ||
| 730 | _aयुगांतर. | ||
| 942 | _cBOOK | ||
| 999 |
_c255126 _d255126 |
||